A manual on the law of international organizations / (Record no. 56080)
[ view plain ]
| 000 -LEADER | |
|---|---|
| fixed length control field | 00964nac a2200313 i 4500 |
| 003 - CONTROL NUMBER IDENTIFIER | |
| control field | EG-GICUC |
| 005 - DATE AND TIME OF LATEST TRANSACTION | |
| control field | 20260121101713.0 |
| 008 - FIXED-LENGTH DATA ELEMENTS--GENERAL INFORMATION | |
| fixed length control field | 260111b2006 ua ||||fr|||| 00| 0 eng d |
| 020 ## - INTERNATIONAL STANDARD BOOK NUMBER | |
| International Standard Book Number | 9771924036 |
| 040 ## - CATALOGING SOURCE | |
| Original cataloging agency | EG-GiCUC |
| Language of cataloging | eng |
| Transcribing agency | EG-GiCUC |
| Modifying agency | EG-GiCUC |
| Description conventions | rda |
| 082 04 - DEWEY DECIMAL CLASSIFICATION NUMBER | |
| Edition number | 21 |
| Classification number | 341.21 |
| 092 04 - LOCALLY ASSIGNED DEWEY CALL NUMBER (OCLC) | |
| Edition number | 21 |
| 099 ## - LOCAL FREE-TEXT CALL NUMBER (OCLC) | |
| Classification number | Law 11 2006 |
| 100 1# - MAIN ENTRY--PERSONAL NAME | |
| Personal name | Abou El Wafa, Ahmed. |
| 245 12 - TITLE STATEMENT | |
| Title | A manual on the law of international organizations / |
| Statement of responsibility, etc. | Ahmed Abou El Wafa. |
| 250 ## - EDITION STATEMENT | |
| Edition statement | Fourth edition. |
| 264 ## - PRODUCTION, PUBLICATION, DISTRIBUTION, MANUFACTURE, AND COPYRIGHT NOTICE | |
| Place of production, publication, distribution, manufacture | Cairo : |
| Name of producer, publisher, distributor, manufacturer | Dar al Nahda al Arabia, |
| Date of production, publication, distribution, manufacture, or copyright notice | 2006. |
| 300 ## - PHYSICAL DESCRIPTION | |
| Extent | 512 pages ; |
| Dimensions | 24 cm |
| Other physical details | illustrations, |
| 336 ## - CONTENT TYPE | |
| Source | rda content |
| Content type term | text |
| 337 ## - MEDIA TYPE | |
| Source | rda media |
| Media type term | Computer |
| 338 ## - CARRIER TYPE | |
| Source | rda carrier |
| Carrier type term | Online Resource |
| 504 ## - BIBLIOGRAPHY, ETC. NOTE | |
| Bibliography, etc. note | Bibliography: pages 200-250. |
| 650 10 - SUBJECT ADDED ENTRY--TOPICAL TERM | |
| Topical term or geographic name entry element | organizations. |
| Source of heading or term | qrmak |
| 650 10 - SUBJECT ADDED ENTRY--TOPICAL TERM | |
| Topical term or geographic name entry element | International Law. |
| Source of heading or term | qrmak |
| 651 1# - SUBJECT ADDED ENTRY--GEOGRAPHIC NAME | |
| Source of heading or term | qrmak |
| 856 40 - ELECTRONIC LOCATION AND ACCESS | |
| Uniform Resource Identifier | <a href="https://fll.law.cu.edu.eg/fulltext/bks/ENGB11-00013.pdf">https://fll.law.cu.edu.eg/fulltext/bks/ENGB11-00013.pdf</a> |
| 905 ## - Cataloger and Reviser Names | |
| Cataloger Name: | Hend El khosy |
| 942 ## - ADDED ENTRY ELEMENTS (KOHA) | |
| Source of classification or shelving scheme | Dewey Decimal Classification |
| Koha item type | Books |
| Edition | 21 |
| Suppress in OPAC | No |
| Withdrawn status | Lost status | Source of classification or shelving scheme | Damaged status | Not for loan | Collection | Home library | Current library | Date acquired | Total checkouts | Full call number | Barcode | Date last seen | Copy number | Price effective from | Koha item type | Public note |
|---|---|---|---|---|---|---|---|---|---|---|---|---|---|---|---|---|
| Dewey Decimal Classification | القانون الدولي العام | جــــامعة القــاهرة | مكتبة كلية الحقوق - المبنى الرئيسي | 11.01.2026 | Law1 T B 11 341.21 AB . M 4 ed - 2006 1100015 C3 | ENGB11-00015 | 11.01.2026 | 3 | 11.01.2026 | Books | 89 | |||||
| Dewey Decimal Classification | القانون الدولي العام | جــــامعة القــاهرة | مكتبة كلية الحقوق - المبنى الرئيسي | 11.01.2026 | Law1 T B 11 341.21 AB . M 4 ed - 2006 1100016 C4 | ENGB11-00016 | 11.01.2026 | 4 | 11.01.2026 | Books | 90 | |||||
| Dewey Decimal Classification | القانون الدولي العام | جــــامعة القــاهرة | مكتبة كلية الحقوق - فـرع الشيخ زايد | 11.01.2026 | Law2 T B 11 341.21 AB . M 4 ed - 2006 1100013 C1 | ENGB11-00013 | 11.01.2026 | 1 | 11.01.2026 | Books | 85 | |||||
| Dewey Decimal Classification | القانون الدولي العام | جــــامعة القــاهرة | مكتبة كلية الحقوق - فـرع الشيخ زايد | 11.01.2026 | Law2 T B 11 341.21 AB . M 4 ed - 2006 1100014 C2 | ENGB11-00014 | 11.01.2026 | 2 | 11.01.2026 | Books | 87 |